Médaillés français aux JO de Milan-Cortina 2026 - Statistiques

Statistiques générales
  • Ce quiz a été pris 48 fois
  • Le résultat moyen est 29 sur 38
Statistiques - réponses
Sport Epreuve Athlète % Correct
Lou JEANMONNOT
100%
Lou JEANMONNOT
100%
Biathlon Individuel F Lou JEANMONNOT
100%
Biathlon Sprint F Lou JEANMONNOT
100%
Quentin FILLON MAILLET
100%
Biathlon Sprint H Quentin FILLON MAILLET
100%
Quentin FILLON MAILLET
100%
Biathlon Mass Start H Quentin FILLON MAILLET
100%
Julia SIMON
97%
Biathlon Individuel F Julia SIMON
97%
Julia SIMON
97%
Biathlon Mass Start F Julia SIMON
97%
Biathlon Relais mixte Eric PERROT
94%
Eric PERROT
94%
Biathlon Individuel H Eric PERROT
94%
Patinage Artistique Danse sur glace Guillaume CIZERON
90%
Emilien JACQUELIN
87%
Biathlon Poursuite H Emilien JACQUELIN
87%
Océane MICHELON
87%
Biathlon Mass Start F Océane MICHELON
87%
Biathlon Sprint F Océane MICHELON
87%
Biathlon Relais H Fabien CLAUDE
81%
Ski de fond Skiathlon H Mathis DESLOGES
71%
Ski de fond Individuel 10km H Mathis DESLOGES
71%
Mathis DESLOGES
71%
Biathlon Relais F Camille BENED
68%
Ski acrobatique Bosses F Perrine LAFFONT
61%
Ski alpin Super-G F Romane MIRADOLI
61%
Laurence FOURNIER BEAUDRY
58%
Emily HARROP
48%
Ski alpinisme Sprint F Emily HARROP
48%
Ski alpinisme Relais Mixte Thibault ANSELMET
48%
Ski alpinisme Sprint H Thibault ANSELMET
48%
Hugo LAPALUS
42%
Léa CASTA
39%
Snowboard Cross Mixte Loan BOZZOLO
35%
Victor LOVERA
29%
Ski de fond Relais H Théo SCHELY
26%
Aucun quiz correspondant
Distribution des résultats
% des personnes avec chaque résultat
Percentile par nombre de réponses
Votre historique - résultats
Vous n’avez pas pris ce quiz